League of Legends Worlds Top 4 Positions - Statistics

General Stats
  • This quiz has been taken 12 times
  • The average score is 22 of 33
Answer Stats
Answer % Correct
DRX
100%
EDward Gaming
100%
G2 Esports
100%
Gen.G Esports
100%
SK Telecom T1 | T1
100%
DAMWON Gaming
92%
Fnatic
92%
FunPlus Phoenix
92%
Invictus Gaming
92%
JD Gaming
92%
Samsung Galaxy
92%
Weibo Gaming
92%
Bilibili Gaming
83%
KT Rolster
83%
Samsung White
83%
Taipei Assassins
83%
Top Esports
83%
KOO Tigers | ROX Tigers
67%
Royal Club | Star Horn Royal Club | Royal Never Give Up
67%
Suning
67%
Team WE
67%
Cloud9
58%
Samsung Blue
50%
against All authority
42%
Azubu Frost
33%
Oh My God
33%
CLG Europe
25%
H2K
25%
Moscow Five
25%
Origen
25%
Team SoloMid
25%
Epik Gamer
17%
NaJin Black Sword
17%
No matching quizzes found
Score Distribution
Percent of People with Each Score
Percentile by Number Answered
Your Score History
You have not taken this quiz